Engineering economy (Record no. 4218)

000 -LEADER
fixed length control field 00580nam a2200229 i 4500
001 - CONTROL NUMBER
control field 4218
003 - CONTROL NUMBER IDENTIFIER
control field BD-DhUET
008 - FIXED-LENGTH DATA ELEMENTS--GENERAL INFORMATION
fixed length control field 780213s1979 nyua b 001 0 eng
020 ## - INTERNATIONAL STANDARD BOOK NUMBER
International Standard Book Number 002328160X
040 ## - CATALOGING SOURCE
Original cataloging agency DLC
Transcribing agency DLC
Modifying agency BD-DhUET
082 ## - DEWEY DECIMAL CLASSIFICATION NUMBER
Classification number 658.92
Item number DEG/1979
100 1# - MAIN ENTRY--PERSONAL NAME
Personal name DeGarmo, E. Paul
245 10 - TITLE STATEMENT
Title Engineering economy
250 ## - EDITION STATEMENT
Edition statement 6th ed.
260 ## - PUBLICATION, DISTRIBUTION, ETC. (IMPRINT)
Place of publication, distribution, etc. London
Name of publisher, distributor, etc. Macmillan
Date of publication, distribution, etc. 1979
300 ## - PHYSICAL DESCRIPTION
Extent xv, 576p.
Other physical details ill.
Dimensions 24 cm.
504 ## - BIBLIOGRAPHY, ETC. NOTE
Bibliography, etc Includes bibliographies
650 #0 - SUBJECT ADDED ENTRY--TOPICAL TERM
Topical term or geographic name as entry element Engineering economy
700 ## - ADDED ENTRY--PERSONAL NAME
Personal name Canada, John R.
700 ## - ADDED ENTRY--PERSONAL NAME
Personal name Sullivan, William G.
942 ## - ADDED ENTRY ELEMENTS (KOHA)
Koha item type General Book
Holdings
Koha date last seen Location (home branch) Koha item type Lost status Price effective from Koha normalized classification for sorting Sublocation or collection (holding branch) Damaged status Piece designation (barcode) Not for loan Koha issues (times borrowed) Koha date last borrowed Shelving location Koha full call number Copy number Source of classification or shelving scheme Date acquired Withdrawn status
2024-12-03Central Library, BUETGeneral Book 2014-11-13658_920000000000000_DEG_1979Central Library, BUET 71365 12024-10-28Circulation section658.92/DEG/19791 2014-11-13 
2015-02-28Central Library, BUETGeneral Book 2015-02-28658_920000000000000_DEG_1979Central Library, BUET 65414   Circulation section658.92/DEG/19792 2015-02-28 
2015-02-28Central Library, BUETGeneral Book 2015-02-28658_920000000000000_DEG_1979Central Library, BUET 65112   Circulation section658.92/DEG/19793 2015-02-28 
2015-02-28Central Library, BUETGeneral Book 2015-02-28658_920000000000000_DEG_1979Central Library, BUET 65410   Circulation section658.92/DEG/19794 2015-02-28 
2015-02-28Central Library, BUETGeneral Book 2015-02-28658_920000000000000_DEG_1979Central Library, BUET 65107   Circulation section658.92/DEG/19795 2015-02-28 
2015-03-04Central Library, BUETGeneral Book 2015-03-04658_920000000000000_DEG_1979Central Library, BUET 14958   Circulation section658.92/DEG/19796 2015-03-04